| 000 | 00590nam a2200193 i 4500 | ||
|---|---|---|---|
| 001 | 147184 | ||
| 003 | ES-MaACL | ||
| 005 | 20250604062545.0 | ||
| 007 | t| | ||
| 008 | 070924s1961 fr ||||1| spa d | ||
| 080 | _a94(460)"18" | ||
| 100 | 0 |
_aTuñón de Lara, Manuel, _d1915-1997 _9111681 |
|
| 245 | 1 | 3 |
_aLa España del siglo XIX : _b(1808-1914) / _cManuel Tuñón de Lara. |
| 260 |
_aParís : _bClub del Libro Español, _c[1961] |
||
| 300 |
_a356 p. ; _c22 cm. |
||
| 651 | 7 |
_aEspaña- _xHistoria- _yS.XIX _2 _9142005 |
|
| 852 | 4 |
_aES-MaACL _jC-23842 |
|
| 999 |
_c147184 _d147184 |
||